000
00263 a2200109 4500
999
_c
13545
_d
13545
008
250712b ||||| |||| 00| 0 eng d
020
_a
9781636401720
100
_a
Pappal Suneja
245
_a
Revered reminiscences
260
_b
white falcon
_c
2021
942
_2
ddc